Statistics for Next Countries Alphabetically #1

Click here to take the quiz!

General Stats

  • This quiz has been taken 560 times
  • The average score is 23 of 36

Answer Stats

country next % Correct
IranIraq
99%
United KingdomUnited States
91%
South AfricaSouth Korea
89%
AustraliaAustria
87%
RomaniaRussia
77%
LiberiaLibya
77%
South AfricaSouth Sudan
75%
IranIsrael
73%
ChileChina
73%
HungaryIndia
71%
United KingdomUruguay
69%
United KingdomUzbekistan
69%
HungaryIceland
69%
RomaniaSaint Kitts and Nevis
69%
HungaryIndonesia
68%
IranIreland
67%
LiberiaLiechtenstein
65%
EstoniaFinland
65%
RomaniaRwanda
62%
MonacoMontenegro
61%
AustraliaAzerbaijan
61%
EstoniaFiji
60%
South AfricaSpain
57%
AustraliaBahamas
54%
EstoniaEthiopia
53%
MonacoMorocco
53%
CroatiaCyprus
53%
MonacoMongolia
52%
BotswanaBrazil
51%
ChileComoros
50%
LiberiaLithuania
49%
ChileColombia
49%
CroatiaCzechia
48%
CroatiaCuba
45%
BotswanaBulgaria
43%
BotswanaBrunei
41%

Score Distribution

Percentile by Number Answered

Percent of People with Each Score

Your Score History

You have not taken this quiz